000 00294nam a22001217a 4500
003 SGT
082 _a617.54
_bM11L
100 _aLODDENKEMER, ROBERT
245 _aMEDICAL THORACOSCOPY PLEUROSCOPY MANUAL AND ATLAS
260 _a NEW YORK
_bTHIEMS PUB
_c2011
300 _a178
942 _2ddc
_cBK
999 _c14807
_d14807